The banking situation in the United States.

Bibliographic Details
Corporate Author: National Industrial Conference Board
Format: Book
Language:English
Published: New York : National industrial conference board, inc., 1932.
Subjects:

MARC

Tag First Indicator Second Indicator Subfields
LEADER 00000cam a2200000 4500
001 in00000078545
005 20151008052829.0
008 751003s1932 nyu 00000 eng
010 |a  32017184  
035 |a (OCoLC)01673838 
035 |9 AAH5071AM 
040 |a DLC  |c TOL  |d TOL  |d GAP  |d OCL  |d TXA  |d UtOrBLW 
049 |a TXAM  |c [97123] 
050 0 0 |a HG2481  |b .N35 
092 |a 332.10973  |b N277b 
110 2 |a National Industrial Conference Board. 
245 1 4 |a The banking situation in the United States. 
264 1 |a New York :  |b National industrial conference board, inc.,  |c 1932. 
300 |a xiv, 157 pages :  |b diagrams ;  |c 24 cm. 
336 |a text  |b txt  |2 rdacontent 
337 |a unmediated  |b n  |2 rdamedia 
338 |a volume  |b nc  |2 rdacarrier 
650 0 |a Banks and banking  |z United States. 
999 |a MARS 
999 f f |s 67424ccb-13e7-3a33-b7a3-9bb1b8cea695  |i 219ffaad-78f2-3d3f-8c5f-14b0c30a58d0  |t 0 
952 f f |p ric  |a Texas A&M University  |b Rellis Campus  |c Joint Library Facility  |d Remote Storage  |t 0  |e HG2481 .N35  |h Library of Congress classification  |i unmediated -- volume  |m A14800729423 
998 f f |a HG2481 .N35  |t 0  |l Remote Storage